Statistics for Three Largest Cities by East Asian Country

Click here to take the quiz!

General Stats

  • This quiz has been taken 72 times
  • The average score is 35 of 66

Answer Stats

Country Cities Population % Correct
BangladeshDhaka8,906,000
100%
PhilippinesManila12,877,253
100%
IndonesiaJakarta9,607,787
99%
ChinaBeijing21,500,000
99%
JapanTokyo9,262,046
99%
ThailandBangkok14,565,547
99%
TaiwanTaipei8,500,000
99%
ChinaShanghai24,500,000
99%
South KoreaSeoul9,794,304
99%
North KoreaPyongyang2,581,076
99%
VietnamHanoi7,379,300
99%
VietnamHo Chi Minh City8,244,400
99%
IndiaMumbai18,414,288
97%
MalaysiaKuala Lumpur7,200,000
97%
IndiaDelhi21,753,486
97%
JapanOsaka2,668,586
96%
NepalKathmandu1,003,285
96%
CambodiaPhnom Penh1,501,725
96%
MongoliaUlaanbaatar1,372,000
96%
ChinaGuangzhou20,800,654
96%
Sri LankaColombo2,323,826
93%
MaldivesMalé133,412
90%
MyanmarYangon5,209,541
88%
LaosVientiane783,000
88%
Timor-LesteDili234,331
87%
South KoreaBusan3,414,950
87%
BhutanThimphu91,000
84%
JapanYokohama3,697,894
78%
IndiaBengaluru8,728,906
76%
BruneiBandar Seri Begawan279,924
76%
BangladeshChittagong4,009,423
74%
IndonesiaBandung2,575,478
66%
MyanmarNaypyidaw924,608
65%
IndonesiaSurabaya2,765,487
63%
PhilippinesCebu City2,551,100
60%
South KoreaIncheon2,662,509
56%
Sri LankaSri Jayawardenepura Kotte2,234,289
49%
MyanmarMandalay1,225,133
49%
ThailandChiang Mai960,906
41%
PhilippinesDavao City2,516,216
41%
TaiwanKaohsiung2,540,000
38%
TaiwanTaichung2,520,000
26%
CambodiaSiem Reap230,714
22%
VietnamHaiphong2,103,500
19%
MalaysiaJohor Bahru1,805,000
15%
NepalPokhara323 367
15%
North KoreaHamhung768,551
13%
BangladeshKhulna1.400,000
6%
ThailandNakhon Ratchasima444,023
3%
LaosPakse87,000
3%
North KoreaChongjin667,929
3%
MaldivesAddu City32,062
3%
CambodiaBattambang144,323
1%
Timor-LesteBaucau17,545
1%
BruneiKuala Belait33,067
1%
BhutanPunakha21,500
1%
BhutanPhuntsholing20,537
1%
LaosSavannakhet120,000
1%
MongoliaErdenet83,379
1%
MongoliaDarkhan180,738
1%
MaldivesFuvahmulah12,380
1%
MalaysiaKedah2,071,900
0%
BruneiPekan Tutong27,500
0%
Sri LankaNegombo165,000
0%
Timor-LesteLautém13,866
0%
NepalLalitpur260 234
0%

Score Distribution

Percentile by Number Answered

Percent of People with Each Score

Your Score History

You have not taken this quiz